|
|
|
|
| LEADER |
00722nab a2200193 i 4500 |
| 001 |
misc11677 |
| 005 |
20191106141915.0 |
| 008 |
170607s1943 hu o 0|| hun d |
| 022 |
|
|
|a 0025-0260
|
| 040 |
|
|
|a SZTE Miscellanea Repozitórium
|b hun
|
| 041 |
|
|
|a hun
|
| 100 |
1 |
|
|a Váradi József
|
| 245 |
1 |
0 |
|a Weis István
|h [elektronikus dokumentum] :
|b Hazánk társadalomrajza /
|c Váradi József
|
| 260 |
|
|
|c 1943
|
| 300 |
|
|
|a 263-264
|
| 490 |
0 |
|
|a Magyar pedagógia : a Magyar Tudományos Akadémia Pedagógiai Bizottságának folyóirata
|v 52
|
| 695 |
|
|
|a Társadalomrajz Magyarország 1943, Társadalomrajz
|
| 700 |
0 |
1 |
|a Weis István
|e aut
|
| 856 |
4 |
0 |
|u http://misc.bibl.u-szeged.hu/11677/1/mp_1943_4245_263-264.pdf
|z Dokumentum-elérés
|